|
|
|
|
| LEADER |
00000naa2a2200000 4500 |
| 001 |
159272 |
| 005 |
20231031155005.0 |
| 035 |
|
|
|a (RuTPU)RU\TPU\book\172740
|
| 035 |
|
|
|a RU\TPU\tpu\2832
|
| 090 |
|
|
|a 159272
|
| 100 |
|
|
|a 20090507d1964 k y0rusy50 ca
|
| 101 |
0 |
|
|a rus
|
| 102 |
|
|
|a RU
|
| 200 |
1 |
|
|a Некоторые результаты гидрогеохимических исследований в Колывань-Томской складчатой зоне
|f П. А. Удодов, В. М. Матусевич
|
| 463 |
|
0 |
|0 (RuTPU)RU\TPU\book\172709
|t Материалы четвертого совещания по подземным водам Сибири и Дальнего Востока
|f под ред. Е. В. Пиннекера
|v С. 162-163
|n [Б. и.]
|d 1964
|p 197 с.
|
| 610 |
1 |
|
|a геолого-географические науки
|
| 610 |
1 |
|
|a труды учёных ТПУ
|
| 700 |
|
1 |
|a Удодов
|b П. А.
|c российский ученый
|c геохимик
|c профессор Томского политехнического института
|f 1903-1981
|g Павел Афанасьевич
|2 stltpush
|3 (RuTPU)RU\TPU\pers\9241
|
| 701 |
|
1 |
|a Матусевич
|b В. М.
|
| 801 |
|
0 |
|a RU
|b 63413507
|c 20011210
|g PSBO
|
| 801 |
|
2 |
|a RU
|b 63413507
|c 20090605
|g PSBO
|
| 942 |
|
|
|c BK
|